Annual report 1992
Gespeichert in:
| Format: | Buch |
|---|---|
| Sprache: | Undetermined |
| Veröffentlicht: |
Philippines
Mariano Marcos State University
1992
|
| Schlagworte: | |
| Tags: |
Tag hinzufügen
Keine Tags, Fügen Sie den ersten Tag hinzu!
|
| Thư viện lưu trữ: | Trung tâm Học liệu Trường Đại học Cần Thơ |
|---|
| LEADER | 00440nam a2200157Ia 4500 | ||
|---|---|---|---|
| 001 | CTU_30103 | ||
| 008 | 210402s9999 xx 000 0 und d | ||
| 082 | |a 630.71 | ||
| 082 | |b A613 | ||
| 245 | 0 | |a Annual report 1992 | |
| 260 | |a Philippines | ||
| 260 | |b Mariano Marcos State University | ||
| 260 | |c 1992 | ||
| 650 | |a agriculture - study and teaching | ||
| 904 | |i Liên, 990302 | ||
| 980 | |a Trung tâm Học liệu Trường Đại học Cần Thơ | ||